| 000 | 00555pab a2200193 454500 | ||
|---|---|---|---|
| 008 | 180718b2011 xxu||||| |||| 00| 0 eng d | ||
| 100 | _aKort, Michiel | ||
| 245 | _aPublic-private partnerships in urban regeneration projects: Organizational form or managerial capacity? | ||
| 260 | _c2011 | ||
| 300 | _ap.618-626. | ||
| 362 | _aJul-Aug | ||
| 650 | _aOrganizations | ||
| 650 | _aUrban development | ||
| 650 | _aPublic private partnerships | ||
| 700 | _aKlijn, Erik-Hans | ||
| 773 | _aPublic Administration Review | ||
| 908 | _aN | ||
| 909 | _a92819 | ||
| 999 |
_c92819 _d92819 |
||